| 000 | 00797nam a22002297a 4500 | ||
|---|---|---|---|
| 999 |
_c3994 _d3994 |
||
| 003 | AR-CdUCM | ||
| 008 | 190307b ||||| |||| 00| 0 spa d | ||
| 040 |
_aMUNICIPALIDAD PROVINCIAL DEL CUSCO _cBIBLIOTECA MUNICIPAL DEL CUSCO |
||
| 082 |
_a808.83 / _bB22 |
||
| 100 |
_aBaquero Goyantes, Mariano _912759 |
||
| 245 | _aQué es la novela / | ||
| 260 |
_aBuenos Aires : _bEditorial Columba, _c1961. |
||
| 300 |
_a55 páginas ; _c20 cm. |
||
| 440 |
_aColección Esquemas _912760 |
||
| 500 | _aDonación de la familia de Luis Nieto | ||
| 505 | _aContenido: Narrar, describir y presentar -- Ficción y Realidad -- La invensión y los temas -- Flexibilidad de la novela... | ||
| 650 |
_aNarración _9665 |
||
| 650 |
_aLiteratura _983 |
||
| 650 |
_aNovela _95 |
||
| 942 |
_2ddc _cLIBROS |
||
| 945 | _adavv | ||